| 000 | 00768cam a2200229 a 4500 | ||
|---|---|---|---|
| 001 | vtls000248960 | ||
| 003 | MY-SjTCS | ||
| 005 | 20200226120514.0 | ||
| 008 | 961127s1939 00 0 eng | ||
| 039 | 9 |
_a201407221402 _bpushpa _c201012041113 _dpushpa _c200906300734 _dmeena _y200407271815 _zVLOAD |
|
| 082 | 0 | 4 |
_a340.03 _bBRO |
| 100 | 1 |
_aBroom, Herbert. _91595 |
|
| 245 | 1 | 2 |
_aA selection of legal maxime : classified and illustrated / _cby Herbert Broom |
| 250 |
_a10th ed. / _bby R.H. Kersley |
||
| 260 |
_aLondon : _bSweet & Maxwell, _c1939 |
||
| 300 |
_alxxxvii, 706 p. ; _c25 cm. |
||
| 500 | _aSeventh. Pakistani reprint 1989 | ||
| 650 | 0 |
_aLegal maxims _zGreat Britain. |
|
| 700 | 1 |
_aKersley, R.H. _981446 |
|
| 740 | 0 | _aBroom's legal maxime | |
| 920 | _aLAW | ||
| 999 | _c165641 | ||